000 00340 a2200145 4500
020 _a972-41-3175-0
040 _aULA-LD-MS
082 _a72
_b72
100 _91171
_aFERNANDES, Fatima
245 _aGuia da Arquitetura Moderna
260 _aLuanda ,
_bEdiė̳s Asas
_c2002.
300 _a329p
650 _aArquitectura
942 _cLivros
999 _c2344
_d2344